000 00241nam a2200097Ia 4500
005 20251222114409.0
008 251222s1900||||xx |||||||||||||| ||spa||
082 _aDVD0092/H22/2007
245 0 _aPope John Paul II:Papa Juan Pablo II
942 _cDVD
999 _c1940
_d1940